MARC

LEADER 00000nam0a2200000 4500
001 310806
005 20231102002325.0
035 |a (RuTPU)RU\TPU\book\336158 
090 |a 310806 
100 |a 20151130d1975 km y0rusy50 ca 
101 0 |a rus 
102 |a RU 
105 |a a z 001zy 
200 1 |a Анализ полупроводниковых сплавов  |f под ред. В. А. Оболончика 
210 |a Москва  |c Металлургия  |d 1975 
215 |a 240 с.  |c ил. 
320 |a Библиогр.: с. 225-235. 
320 |a Предметный указатель: с. 236-239. 
606 1 |a Полупроводниковые соединения  |x Физико-химические свойства  |2 stltpush  |3 (RuTPU)RU\TPU\subj\50731  |9 69381 
610 1 |a полупроводниковые сплавы 
610 1 |a анализ 
610 1 |a селениды 
610 1 |a теллуриды 
610 1 |a халькогены 
610 1 |a германий 
610 1 |a кремний 
610 1 |a индий 
610 1 |a галлий 
610 1 |a таллий 
610 1 |a мышьяк 
610 1 |a сурьма 
675 |a 621.315.592:54  |v 4 
702 1 |a Оболончик  |b В. А.  |g Василий Андреевич  |4 340 
801 1 |a RU  |b 63413507  |c 20151130 
801 2 |a RU  |b 63413507  |c 20170919  |g RCR 
942 |c BK